[Event "HUN-chT"]
[Site "HUN"]
[Date "1992.??.??"]
[Round "?"]
[White "Kallai, Gabor"]
[Black "Horvath, Gyula"]
[Result "1/2-1/2"]
[WhiteElo "2455"]
[BlackElo "2420"]

1.d4 Nf6 2.c4 e6 3.Nf3 Bb4+ 4.Bd2 a5 5.g3 d6 6.Bg2 Nbd7 7.O-O e5 8.Nc3 O-O
9.Qc2 Re8 10.e4 c6 11.Rad1 exd4 12.Nxd4 Ne5 13.Nce2  1/2-1/2

[Event "HUN-chT"]
[Site "HUN"]
[Date "1992.??.??"]
[Round "?"]
[White "Lengyel, Levente"]
[Black "Horvath, Gyula"]
[Result "1/2-1/2"]
[WhiteElo "2375"]
[BlackElo "2420"]

1.d4 Nf6 2.c4 e6 3.Nf3 Bb4+ 4.Bd2 a5 5.g3 d6 6.Bg2 Nbd7 7.O-O e5 8.Bg5 exd4
9.Nxd4 h6 10.Bd2 Bc5 11.Bc3 O-O 12.Nd2 Re8  1/2-1/2

[Event "HUN-chT"]
[Site "HUN"]
[Date "1992.??.??"]
[Round "?"]
[White "Sinkovics, Peter"]
[Black "Besztercsenyi, Tibor"]
[Result "1/2-1/2"]
[WhiteElo "2335"]
[BlackElo "2275"]

1.d4 Nf6 2.Nf3 e6 3.c4 Bb4+ 4.Bd2 Qe7 5.g3 Ne4 6.Bg2 O-O 7.O-O Nxd2 8.Nfxd2 Bxd2
9.Qxd2 d6 10.Nc3 c6 11.e4 e5 12.Rad1 Re8 13.h3 Nd7 14.f4 f6 15.b4 a5 16.a3 axb4
17.axb4 Nb6 18.Qd3 exd4 19.Qxd4 Na4 20.Nb1 Be6 21.Qxd6 Nb2 22.Qxe7 Rxe7 23.Rd4 Nxc4
24.Rfd1 Ne3 25.Rd8+ Re8 26.Rxe8+ Rxe8 27.Rd2 Ra8 28.Nc3 Kf8  1/2-1/2

[Event "HUN-chT"]
[Site "HUN"]
[Date "1992.??.??"]
[Round "?"]
[White "Somogyi, Istvan"]
[Black "Porubszky Angyalosine, Maria A"]
[Result "1-0"]
[WhiteElo "2290"]
[BlackElo "2210"]

1.d4 Nf6 2.c4 e6 3.Nf3 Bb4+ 4.Bd2 Qe7 5.g3 Nc6 6.Nc3 d5 7.cxd5 exd5 8.Bg2 O-O
9.O-O Rd8 10.Rc1 h6 11.a3 Ba5 12.Na4 Bxd2 13.Qxd2 Ne4 14.Qe3 Bd7 15.Nc3 Nxc3
16.Qxe7 Nxe7 17.Rxc3 c6 18.Rfc1 Nf5 19.e3 Nd6 20.Ne5 Be8 21.Bf1 a5 22.Nd3 Kf8
23.Nc5 a4 24.Be2 b6 25.Nd3 Nc4 26.R1c2 f6 27.h4 Bg6 28.Rc1 Bxd3 29.Bxd3 b5
30.R3c2 Ra7 31.Re2 Re7 32.Kf1 Rd6 33.Rcc2 Ke8 34.Rc3 Kd8 35.Rcc2 Kc7 36.e4 Rde6
37.f4 Re8 38.e5 fxe5 39.dxe5 Rf8 40.Kg2 Kb6 41.f5 Re7 42.e6 h5 43.Kh3 Nd6
44.Rf2 c5 45.Rce2 c4 46.Bc2 d4 47.Re5 d3 48.Bd1 Rh8 49.Rf4 Ne8 50.Rd4 Nf6
51.Rd6+ Ka5 52.Rc6 Rd8 53.Rcc5 Rb8 54.Rxc4 Ka6 55.Rd4 Rb6 56.Rxd3 Rc6 57.Bf3 Rc2
58.b3 axb3 59.Rxb3 Rf2 60.Be2  1-0

[Event "HUN-chT"]
[Site "HUN"]
[Date "1992.??.??"]
[Round "2"]
[White "Horvath, Csaba"]
[Black "Horvath, Tamas"]
[Result "1/2-1/2"]
[WhiteElo "2485"]
[BlackElo "2410"]

1.d4 Nf6 2.c4 e6 3.Nf3 Bb4+ 4.Bd2 Qe7 5.g3 Nc6 6.Nc3 O-O 7.Bg2 d5 8.cxd5 exd5
9.O-O Rd8 10.Rc1 Bg4 11.a3 Bd6 12.Bg5  1/2-1/2

[Event "HUN-chT"]
[Site "HUN"]
[Date "1992.??.??"]
[Round "3"]
[White "Halasz, Tamas"]
[Black "Eperjesi, Laszlo"]
[Result "1/2-1/2"]
[WhiteElo "2400"]
[BlackElo "2340"]

1.d4 Nf6 2.c4 e6 3.Nf3 Bb4+ 4.Bd2 c5 5.Bxb4 cxb4 6.g3 O-O 7.Bg2 d6 8.O-O Nc6
9.Qd3 e5 10.Nbd2 Bg4 11.d5 Bxf3 12.Bxf3 Nb8 13.a3 Na6 14.Qb3 Qb6 15.axb4 Nxb4
16.c5 dxc5 17.Nc4 Qc7 18.d6 Qd7 19.Nxe5 Qxd6 20.Nd3 Nxd3 21.exd3 Rfd8 22.Qxb7 Rab8
23.Qxa7 Rxb2 24.Rac1 Rd2  1/2-1/2

[Event "HUN-chT"]
[Site "HUN"]
[Date "1992.??.??"]
[Round "8"]
[White "Kormanyos, Zoltan"]
[Black "Foldi, Jozsef"]
[Result "1-0"]
[WhiteElo "2315"]
[BlackElo "2275"]

1.d4 Nf6 2.c4 e6 3.Nf3 Bb4+ 4.Bd2 Qe7 5.g3 Nc6 6.Bg2 O-O 7.O-O Bxd2 8.Qxd2 d6
9.Nc3 e5 10.d5 Nb8 11.e4 a5 12.Ne1 Ne8 13.Nd3 Na6 14.f4 Nc5 15.Rae1 c6 16.Kh1 Bd7
17.Nxc5 dxc5 18.fxe5 Qxe5 19.Na4 Nd6 20.Nxc5 Bc8 21.b3 b5 22.cxb5 cxb5 23.Nd3 Qd4
24.Qf4 Qxd3 25.Qxd6 Ra6 26.Qe7 Rh6 27.Rf3 Qd2 28.Ref1 Bh3 29.Bxh3 Rxh3 30.R1f2 Qc1+
31.Kg2 Qh6 32.Kg1 Qc1+ 33.Rf1 Qd2 34.R3f2 Qe3 35.Qe5 Rh6 36.Kg2 Qc5 37.Rd2 Rd6
38.Rf3 f6 39.Qc3 Rc8 40.Rc2 Qxc3 41.Rfxc3 Re8 42.Rc8 Rdd8 43.Rxd8 Rxd8 44.Rc5 Rb8
45.Kf3 Rb7 46.Ke3 Kf7 47.Kd4 Ke7 48.Rc6 h5 49.Kc5 Kd7 50.a3 Rb8 51.d6 Re8
52.Rc7+ Kd8 53.Rxg7 Rxe4 54.Kc6 Rc4+ 55.bxc4  1-0

[Event "HUN-chT"]
[Site "HUN"]
[Date "1992.??.??"]
[Round "13"]
[White "Vanczak, Attila"]
[Black "Czebe, Attila"]
[Result "0-1"]
[WhiteElo "2260"]
[BlackElo "2275"]

1.d4 Nf6 2.Nf3 e6 3.c4 Bb4+ 4.Bd2 a5 5.e3 b6 6.Bd3 Bb7 7.O-O Ne4 8.Qc2 f5
9.Nc3 Bxc3 10.bxc3 O-O 11.Bc1 Rf6 12.Nd2 Nxd2 13.Bxd2 d6 14.f3 Nd7 15.Rae1 h6
16.Qb3 Qe7 17.e4 f4 18.Kh1 Kh8 19.e5 dxe5 20.dxe5 Nxe5 21.Be4 Bxe4 22.Rxe4 a4
23.Qc2 Qc5 24.Bxf4 Nxc4 25.Qe2 b5 26.Bg3 Re8 27.Re1 Nd6 28.Rg4 Nf7 29.Bf2 Qd5
30.Bd4 e5 31.f4 Rfe6 32.fxe5 R6e7 33.Re4 Nd6 34.Rg4 c5 35.c4 Nxc4 36.Ba1 Nxe5
37.Re4 Qxe4 38.Qxe4 Ng6  0-1

[Event "Huy op"]
[Site "Huy"]
[Date "1992.??.??"]
[Round "9"]
[White "Komarov, Dimitri"]
[Black "Winants, Luc"]
[Result "1-0"]
[WhiteElo "2460"]
[BlackElo "2505"]

1.Nf3 Nf6 2.d4 e6 3.c4 Bb4+ 4.Bd2 Qe7 5.g3 Nc6 6.Nc3 d5 7.a3 Bxc3 8.Bxc3 a5
9.Bg2 O-O 10.O-O Rd8 11.Rc1 a4 12.Ne5 Nxe5 13.dxe5 Ne8 14.Rc2 c6 15.Rd2 b6
16.e4 Nc7 17.Bb4 Qd7 18.cxd5 exd5 19.Bd6 Ba6 20.Re1 Bc4 21.Bxc7 Qxc7 22.exd5 cxd5
23.Bxd5 Bxd5 24.Rxd5 h6 25.e6 fxe6 26.Rxe6 Kh8 27.Qd4 Qc1+ 28.Kg2 Rxd5 29.Qxd5 Rb8
30.Rxb6 Rxb6 31.Qd8+ Kh7 32.Qxb6 Qd1 33.Qc6 Kh8 34.Qe8+ Kh7 35.Qe4+ Kh8 36.h4 Qb3
37.g4 Qd1 38.g5 hxg5 39.hxg5 Qb3 40.g6 Qd5 41.f3 Qd2+ 42.Kg3 Qd6+ 43.f4 Qd8
44.Qh1+  1-0

[Event "Hyeres op"]
[Site "Hyeres"]
[Date "1992.??.??"]
[Round "?"]
[White "Renaze, Luc"]
[Black "Anselmo, Aldo"]
[Result "0-1"]
[WhiteElo "2240"]
[BlackElo "2240"]

1.d4 Nf6 2.c4 e6 3.Nf3 Bb4+ 4.Bd2 Be7 5.Nc3 d5 6.e3 O-O 7.Rc1 Nbd7 8.Bd3 c5
9.cxd5 exd5 10.O-O a6 11.Bb1 Bd6 12.Qc2 g6 13.h3 Re8 14.Rfd1 c4 15.b3 Ba3
16.bxc4 Bxc1 17.Bxc1 dxc4 18.e4 b5 19.e5 b4 20.Ne4 Nxe4 21.Qxe4 Rb8 22.Qf4 Qe7
23.d5 Nxe5 24.Nxe5 Qxe5 25.Qxe5 Rxe5 26.Bf4 f6 27.Bxe5 fxe5 28.d6 Bf5 29.d7 Bxb1
30.d8=Q+ Rxd8 31.Rxd8+ Kf7 32.Rc8 Bxa2 33.Kf1 b3  0-1

[Event "Hyeres op"]
[Site "Hyeres"]
[Date "1992.??.??"]
[Round "?"]
[White "Mazzoni, Guy"]
[Black "Kosten, Anthony C"]
[Result "0-1"]
[WhiteElo "2225"]
[BlackElo "2515"]

1.d4 Nf6 2.Nf3 e6 3.c4 Bb4+ 4.Bd2 c5 5.dxc5 Bxc5 6.Nc3 O-O 7.Qc2 Nc6 8.a3 d5
9.e3 Qe7 10.Be2 Bd7 11.b4 Bb6 12.Na4 Rfc8 13.Nxb6 axb6 14.Qb2 dxc4 15.Bxc4 Na7
16.Be2 Bb5 17.Nd4 Bxe2 18.Nxe2 Ne4 19.O-O Qf6 20.Qxf6 gxf6 21.Bc1 Nb5 22.f3 Rc2
23.Re1 Nec3 24.Nxc3 Nxc3 25.Kf1 Kh8 26.e4 Rg8 27.g4 h5 28.h3 Rh2 29.Be3 Rxh3
30.Kg2 hxg4 31.Rh1 Rxh1 32.Rxh1+ Kg7 33.Rc1 Na4 34.Rc7 gxf3+ 35.Kxf3 Rd8
36.Ke2 b5 37.Rxb7 Nc3+ 38.Kf1 Rd3 39.Bc5 Kg6 40.Kg2 Nxe4 41.Rxb5 Rxa3 42.Be7 f5
43.Ra5 Rb3 44.Ra1 f4  0-1

[Event "Hyeres op"]
[Site "Hyeres"]
[Date "1992.??.??"]
[Round "?"]
[White "Shevelev, Sergei"]
[Black "Garcia Trobat, Francisco"]
[Result "1-0"]
[WhiteElo "2415"]
[BlackElo "2310"]

1.d4 Nf6 2.c4 e6 3.Nf3 Bb4+ 4.Bd2 Qe7 5.g3 Nc6 6.Bg2 Bxd2+ 7.Nbxd2 d6 8.O-O O-O
9.e4 a5 10.b3 e5 11.d5 Nb4 12.a3 Na6 13.b4 c6 14.Qb3 cxd5 15.cxd5 axb4 16.axb4 Bd7
17.Rfe1 Nc7 18.Ra5 Rxa5 19.bxa5 Bc8 20.Nc4 Na6 21.Qa3 Nc5 22.Nfd2 Ne8 23.Rc1 f5
24.Nxd6 Nxe4 25.N2xe4 fxe4 26.Nb5 Qf7 27.Qc5 Bd7 28.Nc3 Nf6 29.Nxe4 Nxe4
30.Bxe4 g6 31.Qb6 Bf5 32.Bg2 e4 33.d6 Qa2 34.Bf1 Be6 35.d7  1-0

[Event "Hyeres op"]
[Site "Hyeres"]
[Date "1992.??.??"]
[Round "?"]
[White "Farago, Ivan"]
[Black "Renaze, Luc"]
[Result "1-0"]
[WhiteElo "2510"]
[BlackElo "2240"]

1.d4 Nf6 2.c4 e6 3.Nf3 Bb4+ 4.Bd2 Qe7 5.g3 Nc6 6.Nc3 e5 7.dxe5 Nxe5 8.Nxe5 Qxe5
9.Bg2 O-O 10.O-O d6 11.Nd5 Nxd5 12.cxd5 Bc5 13.Bc3 Qh5 14.Qd2 Bg4 15.b4 Bb6
16.a4 a5 17.bxa5 Bc5 18.Ra2 Rfe8 19.Re1 b6 20.axb6 cxb6 21.Bb4 Bxb4 22.Qxb4 Bxe2
23.Qxd6 Bf3 24.Rxe8+ Rxe8 25.Ra1 Bxg2 26.Kxg2 Qf5 27.Re1 Rc8 28.Re5 Qc2 29.Qd7  1-0

[Event "Iraklion op"]
[Site "Iraklion"]
[Date "1992.??.??"]
[Round "2"]
[White "Skembris, Spyridon"]
[Black "Maksimovic, Suzana"]
[Result "1-0"]
[WhiteElo "2530"]
[BlackElo "2285"]

1.Nf3 Nf6 2.c4 e6 3.d4 Bb4+ 4.Bd2 Qe7 5.g3 b6 6.Bg2 Bb7 7.O-O Bxd2 8.Qxd2 O-O
9.Nc3 Nc6 10.Rac1 d6 11.e4 Na5 12.Qe2 c5 13.Rfd1 Rfd8 14.b3 a6 15.e5 dxe5
16.dxc5 bxc5 17.Nxe5 Bxg2 18.Kxg2 Rd4 19.Nf3 Qb7 20.Kg1 Nc6 21.Na4 Ne4 22.Qe3 e5
23.Rf1 Re8 24.Rce1 f5 25.Nxd4 cxd4 26.Qf3 Nb4 27.g4 Nc2 28.Re2 d3 29.Qxd3 Nd4
30.Re3 Nf6 31.gxf5 Nxf5 32.Qxf5  1-0

[Event "ISR-ch"]
[Site "ISR"]
[Date "1992.??.??"]
[Round "3"]
[White "Stepak, Yedael"]
[Black "Slutzkin, Uri"]
[Result "1-0"]
[WhiteElo "2285"]
[BlackElo "2305"]

1.d4 Nf6 2.c4 e6 3.Nf3 Bb4+ 4.Bd2 Qe7 5.Nc3 O-O 6.Qc2 d5 7.e3 c5 8.a3 Bxc3
9.bxc3 Nc6 10.Bd3 dxc4 11.Bxc4 e5 12.O-O e4 13.Ne1 Bg4 14.f3 exf3 15.Nxf3 Rac8
16.Ng5 h6 17.Rxf6 hxg5 18.Raf1 Bh5 19.R6f2 cxd4 20.exd4 b5 21.Bd3 Nxd4 22.Qb1 Ne6
23.Qxb5 Qxa3 24.Bf5 Rc5 25.Qb4 Qxb4 26.cxb4 Re5 27.g4 Bg6 28.Bc3 Re3 29.Bxg6 fxg6
30.Rxf8+ Nxf8 31.Bd4 Re4 32.Bxa7 Rxg4+ 33.Kh1 Rf4 34.Rb1 Rf7 35.Be3 g4 36.b5 Rf3
37.Ba7 Nd7 38.b6 Ra3 39.Rd1 Nc5 40.Rc1 Nd7 41.Rc7 Ra1+ 42.Kg2 Ra2+ 43.Kg3 Ra3+
44.Kxg4 Ra4+ 45.Kg3 Ra3+ 46.Kf4 Ra4+ 47.Ke3 Ra3+ 48.Ke4 Ra4+ 49.Kd5 Ra5+
50.Ke6 Nxb6 51.Bxb6 Ra2 52.Rc8+ Kh7 53.Bc7 Rc2 54.Kd7 Rd2+ 55.Bd6 Kh6 56.Ke6 Kh5
57.Rg8 Re2+ 58.Be5 Kh6 59.Rh8+ Kg5 60.Rh7 Kg4 61.Rxg7 g5 62.Rf7 Kh4 63.Kf5 Rf2+
64.Kg6  1-0

[Event "Katowice op"]
[Site "Katowice"]
[Date "1992.??.??"]
[Round "5"]
[White "Neverov, Valeriy"]
[Black "Kruszynski, Wlodzimierz"]
[Result "1-0"]
[WhiteElo "2520"]
[BlackElo "2375"]

1.d4 Nf6 2.c4 e6 3.Nf3 Bb4+ 4.Bd2 c5 5.Bxb4 cxb4 6.a3 bxa3 7.Rxa3 O-O 8.Nc3 Qe7
9.e3 b6 10.Be2 Bb7 11.O-O d6 12.b4 Nc6 13.Qb3 a5 14.bxa5 Nxa5 15.Qa2 Rfc8
16.Nd2 d5 17.c5 Nc6 18.Na4 bxc5 19.Nxc5 Rxa3 20.Qxa3 Ra8 21.Qb2 Nd8 22.Ndb3 Bc6
23.Rc1 Qa7 24.Qc3 Qb6 25.g4 h6 26.h4 Ne4 27.Nxe4 dxe4 28.Nd2 Bd5 29.Rb1 Qa7
30.Nf1 Qe7 31.h5 Nb7 32.Ng3 Nd6 33.Rb6 Nc8 34.Ra6 Rxa6 35.Qxc8+  1-0

[Event "Kecskemet"]
[Site "Kecskemet"]
[Date "1992.??.??"]
[Round "7"]
[White "Stajcic, Nikola"]
[Black "Mandl, Robert"]
[Result "0-1"]
[WhiteElo "2320"]
[BlackElo "2415"]

1.d4 Nf6 2.Nf3 e6 3.c4 Bb4+ 4.Bd2 c5 5.Bxb4 cxb4 6.g3 O-O 7.Bg2 Re8 8.O-O d6
9.a3 Nc6 10.axb4 Nxb4 11.Nc3 a5 12.e4 Qb6 13.Re1 e5 14.h3 Bd7 15.c5 Qa6 16.cxd6 exd4
17.Nxd4 Qxd6 18.Ndb5 Qe5 19.f4 Qc5+ 20.Qd4 Rec8 21.Qxc5 Rxc5 22.Nd4 Nd3 23.Nb3 Rxc3
24.bxc3 Nxe1 25.Rxe1 a4 26.Nd4 Bc6 27.Nxc6 bxc6 28.e5 Nd5 29.Bxd5 cxd5 30.Kf2 Rc8
31.Ra1 Rc4 32.Ke2 h5 33.Kf2 h4 34.gxh4 Rxf4+ 35.Kg3 Rc4 36.Kg2 g6 37.Rd1 Rc5
38.Rd4 Ra5 39.Rd2 a3 40.Ra2 Kf8 41.Kf3 Ra4  0-1

[Event "Kobanya op"]
[Site "Kobanya op"]
[Date "1992.??.??"]
[Round "4"]
[White "Kallai, Gabor"]
[Black "Tangborn, Eric"]
[Result "1/2-1/2"]
[WhiteElo "2455"]
[BlackElo "2355"]

1.d4 Nf6 2.c4 e6 3.Nf3 Bb4+ 4.Bd2 Bxd2+ 5.Qxd2 d5 6.Nc3 O-O 7.e3 Qe7 8.Qc2 Rd8
9.Rd1 dxc4 10.Bxc4 c5 11.d5 Na6 12.Bxa6 bxa6 13.dxe6 Rxd1+ 14.Qxd1 Bxe6 15.O-O Rd8
16.Qc2 Nd5 17.a3 Nxc3 18.Qxc3 Bd5 19.Nd2 Qb7 20.f3 h6 21.Rf2 Qb5 22.Nf1 Bc4
23.Rd2 Rd3 24.Rxd3 Bxd3 25.Ng3 c4 26.Qd4 Qa5 27.h4 Qb5 28.Kh2 Qb8 29.f4 Qb6
30.Nh5 Qg6 31.Qd8+ Kh7 32.Ng3 Qg4 33.Qe7 f6 34.Ne4 Qxh4+ 35.Kg1 Qe1+ 36.Kh2 Qh4+
37.Kg1 Qe1+ 38.Kh2 Qh4+ 39.Kg1  1/2-1/2

[Event "Kobanya op"]
[Site "Kobanya op"]
[Date "1992.??.??"]
[Round "7"]
[White "Horvath, Csaba"]
[Black "Obukhov, Alexander"]
[Result "0-1"]
[WhiteElo "2485"]
[BlackElo "2375"]

1.d4 Nf6 2.c4 e6 3.Nf3 Bb4+ 4.Bd2 c5 5.Bxb4 cxb4 6.g3 O-O 7.Bg2 d6 8.O-O Re8
9.a3 Qb6 10.axb4 Qxb4 11.Na3 Bd7 12.Qd3 Bc6 13.Nc2 Qb6 14.Nd2 Bxg2 15.Kxg2 Nc6
16.b4 e5 17.e3 exd4 18.exd4 a6 19.Rab1 Ne7 20.Rfe1 Qc7 21.d5 Ng6 22.Qd4 b6
23.h3 h5 24.Ne3 Re5 25.f4 Ree8 26.g4 b5 27.Nf5 hxg4 28.hxg4 Qd7 29.Kg3 Ne7
30.Ne3 Nxg4 31.Kg2 Nxe3+ 32.Qxe3 Nxd5 33.Qf3 Nf6 34.f5 Rxe1 35.Rxe1 Re8 36.Rxe8+ Nxe8
37.cxb5 Qxb5 38.Qf4 Qe2+ 39.Kh3 Nf6 40.Nf3 Qf1+ 41.Kh2 Qf2+ 42.Kh3 Qf1+ 43.Kh2 Qe2+
44.Kh3 Qf2  0-1

[Event "Kuopio op"]
[Site "Kuopio"]
[Date "1992.??.??"]
[Round "5"]
[White "Naumkin, Igor"]
[Black "Karner, Hillar"]
[Result "1-0"]
[WhiteElo "2430"]
[BlackElo "2360"]

1.d4 Nf6 2.c4 e6 3.Nf3 Bb4+ 4.Bd2 Qe7 5.g3 Bxd2+ 6.Qxd2 d6 7.Bg2 O-O 8.O-O e5
9.Nc3 Re8 10.e4 Bg4 11.d5 Bxf3 12.Bxf3 c6 13.Rac1 Na6 14.Qe3 Rec8 15.Bg2 Qc7
16.Rfd1 Rd8 17.Rd2 cxd5 18.cxd5 Qb6 19.Qxb6 axb6 20.h4 g6 21.f3 Ne8 22.Bh3 Ng7
23.Nb5 f5 24.Rc4 fxe4 25.fxe4 Nh5 26.Kg2 Nf6 27.Rf2 Rf8 28.Nxd6 Nc5 29.b4 Nd3
30.Be6+ Kh8 31.Rf1 Rxa2+ 32.Kg1 h5 33.Rc7  1-0

[Event "Leeuwarden op"]
[Site "Leeuwarden"]
[Date "1992.??.??"]
[Round "3"]
[White "Farago, Ivan"]
[Black "Klarenbeek, Hans"]
[Result "1/2-1/2"]
[WhiteElo "2510"]
[BlackElo "2420"]

1.d4 Nf6 2.c4 e6 3.Nf3 Bb4+ 4.Bd2 Qe7 5.g3 Nc6 6.Nc3 Bxc3 7.Bxc3 Ne4 8.Rc1 Nxc3
9.Rxc3 d6 10.d5 Nb8 11.Bh3 O-O 12.O-O a5 13.dxe6 fxe6 14.Re3 Nc6 15.Nd4 e5
16.Bg2 Nxd4 17.Qxd4 c6 18.f4 Re8 19.Qd3 Bg4 20.Rd1 Rad8 21.Qc3 Qc7 22.h3 Bh5
23.fxe5 dxe5 24.Rxd8 Qxd8 25.Rxe5 Bxe2 26.Rxa5 Qd1+ 27.Kh2 Qd3 28.Qxd3 Bxd3
29.b3 Re2 30.Kg1 Bb1 31.Ra7 Bxa2 32.Rxb7 Re3 33.Bxc6 Rxg3+ 34.Kh2 Rxb3 35.Bd5+ Kh8
36.Ra7 Rb2+ 37.Kg3 h5 38.Kh4 Re2 39.Kxh5 Re5+ 40.Kg6 Bb1+ 41.Kf7 Bd3 42.Rc7 Kh7
43.Kf8 Kh6 44.Bf7 Re3 45.h4 g6 46.c5 Re4 47.Rd7 Bb5 48.Rd6 Rg4 49.Rb6 Ba4
50.Ra6 Bb5 51.Ra5 Bd7 52.Ke7 Bc6 53.Kd6 Bb7 54.h5 gxh5 55.Bxh5 Rd4+ 56.Kc7 Be4
57.Be8 Kg7 58.Bc6 Bf5 59.Ra3 Kf6 60.Bf3 Bd7 61.Ra6+ Ke5 62.Bc6 Bf5 63.Ra1 Rc4
64.Ra5 Bc2 65.Kb6 Rb4+ 66.Kc7 Rc4 67.Kd7 Bf5+ 68.Ke7 Rh4 69.Be8 Rh7+ 70.Kd8 Bg4
71.c6+ Kd6 72.c7 Rh8 73.Ra6+ Kc5 74.Rc6+ Kd5 75.Rg6 Bh3 76.Rg3 Be6 77.Rg5+ Kd4
78.Ke7 Bc8 79.Bf7 Rh7 80.Rd5+ Ke4 81.Rd8 Bf5 82.Kf6 Rh6+ 83.Kg5  1/2-1/2

[Event "Leeuwarden op"]
[Site "Leeuwarden"]
[Date "1992.??.??"]
[Round "7"]
[White "Brenninkmeijer, Joris"]
[Black "Zayac, Elena"]
[Result "0-1"]
[WhiteElo "2485"]
[BlackElo "2350"]

1.d4 Nf6 2.c4 e6 3.Nf3 Bb4+ 4.Bd2 a5 5.g3 d5 6.Qc2 c6 7.Bg2 b6 8.a3 Be7 9.Bf4 Ba6
10.Nbd2 Nbd7 11.O-O Rc8 12.Rac1 O-O 13.Rfe1 c5 14.dxc5 Bxc5 15.Qb3 Ng4 16.e3 e5
17.Bh3 exf4 18.Bxg4 fxe3 19.fxe3 f5 20.Bh3 dxc4 21.Nxc4 Kh8 22.Bg2 Nf6 23.Ng5 Ng4
24.Nf3 b5 25.Nce5 Bxe3+  0-1

[Event "Ljubljana Iskra"]
[Site "Ljubljana"]
[Date "1992.??.??"]
[Round "?"]
[White "Farago, Ivan"]
[Black "Gostisa, Leon"]
[Result "0-1"]
[WhiteElo "2520"]
[BlackElo "2430"]

1.d4 Nf6 2.c4 e6 3.Nf3 Bb4+ 4.Bd2 c5 5.Bxb4 cxb4 6.g3 b6 7.Bg2 Bb7 8.O-O O-O
9.Nbd2 Qc7 10.Qb3 a5 11.Qd3 d6 12.e4 e5 13.Rfe1 Nc6 14.Nf1 Ne7 15.Rac1 Rad8
16.h3 Qb8 17.Kh2 Rfe8 18.Ng1 Nc6 19.Ne2 Nd7 20.f3 Ba6 21.Ne3 b5 22.cxb5 Bxb5
23.Qd2 Nb6 24.f4 Bxe2 25.Rxc6 Bb5 26.Rcc1 f6 27.b3 Rc8 28.fxe5 Rxc1 29.Rxc1 fxe5
30.dxe5 dxe5 31.Rc5 Rd8 32.Qc1 Nd7 33.Rc7 Nf8 34.Nf5 Ne6 35.Re7 Re8 36.Bf1 Rxe7
37.Nxe7+ Kf8 38.Nd5 Be8 39.Bc4 Qa7 40.Kg2 Qd4 41.Qf1+ Bf7 42.Qf5 g6 43.Qf6 Qxe4+
44.Kg1 Qd4+ 45.Kg2 e4 46.Qe7+ Kg7 47.Nf4 Nxf4+ 48.gxf4 Qd2+ 49.Kg1 Qe3+  0-1

[Event "Ljubljana Iskra"]
[Site "Ljubljana"]
[Date "1992.??.??"]
[Round "?"]
[White "Kiselev, Sergey"]
[Black "Sifrer, Darko"]
[Result "0-1"]
[WhiteElo "2540"]
[BlackElo "2355"]

1.d4 Nf6 2.c4 e6 3.Nf3 Bb4+ 4.Bd2 Bxd2+ 5.Qxd2 d5 6.g3 O-O 7.Bg2 Nbd7 8.Qc2 c6
9.O-O b5 10.cxd5 cxd5 11.Nbd2 Bb7 12.a4 b4 13.a5 Ba6 14.Rfe1 Rb8 15.e3 Qc8
16.Rec1 Qxc2 17.Rxc2 Rfc8 18.Rac1 Rxc2 19.Rxc2 Rc8 20.Rxc8+ Bxc8 21.Bf1 Nb8
22.Bb5 a6 23.Be2 Nc6 24.Nb3 Kf8 25.Ne1 Ne4 26.Nd3 Nd6 27.Ne5 Nb8 28.Nc5 f6
29.Nf3 Ke7 30.Kf1 Nc6 31.Bxa6 Nxa5 32.Bxc8 Nxc8 33.Nd3 Nc4 34.Ke2 Na7 35.Kd1 Nc6
36.Kc2 N4a5 37.Nc1 e5 38.Nb3 Ke6 39.Nxa5 Nxa5 40.dxe5 fxe5 41.Ng5+ Kf5 42.Nxh7 Kg4
43.h4 Kf3 44.h5 Kxf2 45.Nf6 Nc4 46.e4 d4 47.Nd5 Ke2 48.Nxb4 Ne3+ 49.Kb3 d3
50.Na2 d2 51.Nc3+ Kd3 52.Ka3 Kc2 53.Ka2 Nc4 54.g4 Nxb2 55.Nd5 Nc4  0-1

[Event "Ljubljana op"]
[Site "Ljubljana"]
[Date "1992.??.??"]
[Round "8"]
[White "Kiselev, Sergey"]
[Black "Gostisa, Leon"]
[Result "1-0"]
[WhiteElo "2540"]
[BlackElo "2430"]

1.d4 Nf6 2.c4 e6 3.Nf3 Bb4+ 4.Bd2 c5 5.Bxb4 cxb4 6.g3 b6 7.Bg2 Bb7 8.Nbd2 O-O
9.Nf1 d6 10.Ne3 a5 11.O-O Na6 12.Qd3 Be4 13.Qd2 Qe7 14.Rac1 Rfe8 15.Rfd1 h6
16.Bh3 Rad8 17.Nh4 Qb7 18.f3 Bh7 19.Bf1 Nb8 20.Nhg2 b5 21.cxb5 Qxb5 22.d5 e5
23.Nc4 e4 24.Qd4 a4 25.Nge3 exf3 26.exf3 Qc5 27.Qxc5 dxc5 28.Kf2 Nbd7 29.Na5 Ra8
30.Nb7 Rec8 31.Bb5 a3 32.b3 Rab8 33.Nd6 Rd8 34.Nec4 Kf8 35.Bc6 g5 36.g4 h5
37.h3 hxg4 38.hxg4 Nb6 39.Nxb6 Rxd6 40.Nc4 Rdd8 41.Na5 Nd7 42.Bxd7 Rxd7 43.Rxc5 f6
44.Nc6 Rb6 45.Rc4 Rdb7 46.Rdd4 Bb1 47.Nxb4  1-0

[Event "Los Angeles"]
[Site "Los Angeles"]
[Date "1992.??.??"]
[Round "?"]
[White "Schroer, Jonathan"]
[Black "Thinnsen, James A"]
[Result "0-1"]
[WhiteElo "2395"]
[BlackElo "2340"]

1.d4 Nf6 2.c4 e6 3.Nf3 Bb4+ 4.Bd2 Qe7 5.g3 b6 6.Bg2 Bb7 7.O-O Bxd2 8.Qxd2 d6
9.Nc3 Nbd7 10.d5 e5 11.Ne1 O-O 12.Rc1 a5 13.b3 Nc5 14.Qc2 Bc8 15.a3 a4 16.b4 Nb3
17.Rd1 Bd7 18.e3 g6 19.Nd3 h5 20.h3 Rfe8 21.Nb2 e4 22.Rb1 Qe5 23.Rfd1 h4
24.g4 Bxg4 25.hxg4 Nxg4 26.Bxe4 Qh2+ 27.Kf1 Rxe4 28.Nxe4 Nxe3+ 29.fxe3 Qxc2
30.Nd3 f5 31.Nef2 Nd2+  0-1

[Event "ESP-ch"]
[Site "Madrid"]
[Date "1992.??.??"]
[Round "9"]
[White "Brito, Alfredo"]
[Black "Izeta Txabarri, Felix"]
[Result "0-1"]
[WhiteElo "2375"]
[BlackElo "2445"]

1.d4 Nf6 2.c4 e6 3.Nf3 Bb4+ 4.Bd2 c5 5.Bxb4 cxb4 6.g3 O-O 7.Bg2 d6 8.Nbd2 Re8
9.Nf1 Qc7 10.Ne3 b6 11.O-O Bb7 12.Qb3 a5 13.Rfc1 Na6 14.a3 Rac8 15.Qd1 Qb8
16.Bh3 Rc7 17.Ne1 d5 18.cxd5 Nxd5 19.Nxd5 Bxd5 20.Rxc7 Qxc7 21.Rc1 Qb7 22.axb4 Nxb4
23.Nd3 Nxd3 24.Qxd3 Rc8 25.Rxc8+ Qxc8 26.e4 Qc4 27.Qe3 Bc6 28.Bg2 Qc2 29.h4 Qxb2
30.d5 Bd7 31.e5 h6 32.Bh3 a4 33.dxe6 Bxe6 34.Bxe6 Qb1+ 35.Kh2 fxe6 36.Qf3 b5
37.Qc6 Kh7 38.Qa6 Qc2 39.Kg1 b4  0-1

[Event "Manila ol (Men)"]
[Site "Manila"]
[Date "1992.??.??"]
[Round "?"]
[White "Zabasajja, Willy"]
[Black "Cochrane, John Miles"]
[Result "1/2-1/2"]
[WhiteElo "2320"]
[BlackElo "2205"]

1.d4 Nf6 2.c4 e6 3.Nf3 Bb4+ 4.Bd2 c5 5.Bxb4 cxb4 6.Nbd2 O-O 7.e3 d6 8.Be2 b6
9.O-O Bb7 10.Qb3 a5 11.a3 Na6 12.Ne1 Qd7 13.axb4 Nxb4 14.Nd3 Nxd3 15.Bxd3 Rab8
16.f4 e5 17.fxe5 dxe5 18.Bf5 Qd6 19.d5 Rfe8 20.e4 Bc8 21.Bxc8 Rexc8 22.Rf5 Ne8
23.Raf1 f6 24.Qh3 Qd7 25.Qg3 Qe7 26.Qg4 g6 27.h4 Qg7 28.R5f3 Rc7 29.Rb3 Kh8
30.Rc1 Qe7 31.Qf3 Qc5+ 32.Qf2 Qxf2+ 33.Kxf2 Rc5 34.Rbc3 Nd6 35.Ke3 Rbc8 36.Kd3 f5
37.Re1 b5 38.cxb5 fxe4+ 39.Nxe4 Rxd5+ 40.Kc2 Rxc3+ 41.Nxc3 Rc5 42.b6 Rc6
43.Rxe5 Rxb6 44.Rxa5 Rxb2+  1/2-1/2

[Event "Manila ol (Men)"]
[Site "Manila"]
[Date "1992.??.??"]
[Round "?"]
[White "Djurhuus, Rune"]
[Black "Kveinys, Aloyzas"]
[Result "0-1"]
[WhiteElo "2420"]
[BlackElo "2485"]

1.d4 Nf6 2.c4 e6 3.Nf3 Bb4+ 4.Bd2 Bxd2+ 5.Qxd2 d5 6.Nc3 O-O 7.e3 Qe7 8.Rc1 Rd8
9.Qc2 Nbd7 10.cxd5 exd5 11.Bd3 c6 12.O-O Nf8 13.h3 Ne8 14.a3 Nd6 15.b4 a6
16.Na4 Qf6 17.Ne5 Qg5 18.Nc5 f6 19.Nf3 Qh5 20.Kh2 Re8 21.Nd2 Re7 22.Rfe1 Bf5
23.Bxf5 Qxf5 24.Qxf5 Nxf5 25.Rb1 Nd6 26.a4 Nd7 27.g4 Nb6 28.Re2 Kf7 29.Kg2 h5
30.Ree1 Rh8 31.Rb3 Na8 32.Nb1 Nc7 33.Nc3 g5 34.Ne2 Kg6 35.Ng3 hxg4 36.hxg4 Rh4
37.f3 Ne6 38.Rh1 Rxh1 39.Kxh1 Ng7 40.Kg2 f5 41.Nd3 Nc4 42.Nf1 fxg4 43.fxg4 Ne8
44.b5 cxb5 45.axb5 a5 46.Nb2 Ned6 47.Na4 b6 48.Rb1 Ne4 49.Rc1 Rf7 50.Kg1 Kg7
51.Rd1 Kf8 52.Re1 Rh7 53.Nh2 Rh3 54.Rf1+ Ke7 55.Rf3 Rxf3 56.Nxf3 Kd6 57.Ne1 Ke6
58.Nc2 Nf6 59.Nc3 Nxg4 60.e4 dxe4 61.Nxe4 Kf5 62.Nc3 Nge3 63.Ne1 Ke6 64.Kf2 Nd5
65.Ne4 Kf5 66.Ng3+ Kg4 67.Nd3 Nc3  0-1

[Event "Manila ol (Men)"]
[Site "Manila"]
[Date "1992.??.??"]
[Round "?"]
[White "Eingorn, Vereslav S"]
[Black "Petrosian, Arshak B"]
[Result "1-0"]
[WhiteElo "2580"]
[BlackElo "2470"]

1.d4 Nf6 2.Nf3 e6 3.c4 Bb4+ 4.Bd2 Qe7 5.g3 Nc6 6.Nc3 Bxc3 7.Bxc3 Ne4 8.Qc2 Nxc3
9.Qxc3 Qb4 10.Qxb4 Nxb4 11.Kd2 d6 12.Bg2 Ke7 13.Ne1 c5 14.dxc5 dxc5 15.a3 Rd8+
16.Ke3 Na6 17.Nd3 Rd7 18.b4 Rc7 19.Rhb1 Bd7 20.b5 Nb8 21.a4 Bc8 22.a5 Nd7
23.f4 f6 24.g4 g5 25.fxg5 fxg5 26.h3 h6 27.Ra3 Kd6 28.Ra2 e5 29.Rd2 Nf6 30.Rf1 Rf7
31.Rxf6+ Rxf6 32.Nb4+ Ke7 33.Nd5+ Kf7 34.Nxf6 Kxf6 35.Rd8 Rb8 36.Be4  1-0

[Event "Manila ol (Women)"]
[Site "Manila"]
[Date "1992.??.??"]
[Round "?"]
[White "Voiska, Margarita"]
[Black "Ashlanian, L."]
[Result "1/2-1/2"]
[WhiteElo "2345"]
[BlackElo "2210"]

1.d4 Nf6 2.c4 e6 3.Nf3 Bb4+ 4.Bd2 Qe7 5.Nc3 O-O 6.g3 Bxc3 7.Bxc3 Ne4 8.Rc1 d6
9.Bg2 Nxc3 10.Rxc3 e5 11.O-O Nc6 12.d5 Nb8 13.Nd2 Bg4 14.Nb3 a5 15.c5 a4
16.cxd6 cxd6 17.Nc1 Bd7 18.Nd3 Na6 19.Qd2 Rfc8 20.Rfc1 Rxc3 21.Rxc3 h6 22.e4 Bb5
23.h4 Qd8 24.Qc2 Qb6 25.Rc8+ Rxc8 26.Qxc8+ Kh7 27.Qf5+ Kg8 28.Qc8+ Kh7 29.Qf5+  1/2-1/2